| 000 | 00664nam a2200193 a 4500 | ||
|---|---|---|---|
| 001 | 001054755 | ||
| 003 | AM-YeHGA | ||
| 005 | 20250617151036.0 | ||
| 008 | 150121s1980 ||| r 000 0 ukr d | ||
| 040 | _aAM-YeHGA | ||
| 041 | 0 | _aukr | |
| 245 | 0 | 0 |
_aАрмянская советская поэзия : _bАнтология / _cСост. В.В. Кочевский, Г.А. Татосян. |
| 246 | 1 | _aВiрменська радянска поезiя | |
| 246 | 1 | 5 | _aՍովետահայ պոեզիա |
| 260 |
_aКиев : _bДнипро, _c1980. |
||
| 300 |
_a431 с. : _bил. |
||
| 653 | 0 | _aАрмянская советская поэзия | |
| 090 | _c345242 | ||
| 999 |
_c343444 _d343444 |
||